000
00232nam a22000857a 4500
008
160914b xxu||||| |||| 00| 0 eng d
100
_9
423
_a
Malhotra.S. etal
245
_a
Mental Mathematics-V
260
_a
New Delhi
_b
Frank Publication
_c
2012
999
_c
3082
_d
3082